| 000 | 00963cam a22002771 4500 | ||
|---|---|---|---|
| 001 | 6945 | ||
| 003 | BD-RjUL | ||
| 005 | 20211208234337.0 | ||
| 008 | 140113t1962 nyua b 001 0 eng | ||
| 035 | _a(BD-RjUL)6987 | ||
| 040 |
_aDLC/ICU _cICU _dDLC _dBD-RjUL _beng |
||
| 041 | 1 | _aengrus | |
| 082 | 0 | 0 |
_a519.1 _216 _bGNE 1962 |
| 100 | 1 |
_aGnedenko, B. V. _q(Boris Vladimirovich), _d1912-1995. _921785 |
|
| 245 | 1 | 3 |
_aAn elementary introduction to the theory of probability / _cby B.V. Gnedenko and A. Ya. Khinchin. |
| 250 | _aAuthorized ed. | ||
| 260 |
_aNew York : _bDover Publications, _cc1962 |
||
| 300 |
_a130 p. : _billus. _c22 cm. |
||
| 490 | 0 | _aDover Books on Intermediate and Advanced Mathematics. | |
| 504 | _aIncludes bibliographical reference and index. | ||
| 650 | 0 |
_aProbabilities. _9243 |
|
| 700 | 1 |
_aKhinchin, Aleksandr I︠A︡kovlevich, _d1894- _ejoint author. _921786 |
|
| 942 |
_2ddc _cBK |
||
| 999 |
_c6945 _d6945 |
||